|
|
|
|
| LEADER |
00000cam a2200000 7i4500 |
| 001 |
0000002407 |
| 002 |
000002623 |
| 005 |
20000330.0 |
| 020 |
|
|
|a 9839629530
|
| 090 |
0 |
0 |
|a 641.59595
|b SAJ
|
| 245 |
0 |
0 |
|a Sajian selera Malaysia
|
| 260 |
|
|
|a Kuala Lumpur :
|b Syarikat S.Abdul Majeed ,
|c 1991
|
| 300 |
|
|
|a 122 p. :
|b ill. ;
|c 29 cm.
|
| 490 |
0 |
|
|a Citarasa masa kini
|
| 650 |
0 |
0 |
|a Cookery
|z Malaysia
|
| 999 |
|
|
|a 035972
|b BUKU
|c PINJAMAN
|e PERPUSTAKAAN KOMUNITI PETALING JAYA
|
| 999 |
|
|
|a 035973
|b BUKU
|c PINJAMAN
|e PERPUSTAKAAN KOMUNITI PETALING JAYA
|
| 999 |
|
|
|a 056433
|b BUKU
|c PINJAMAN
|e PERPUSTAKAAN KOMUNITI CAW KOTA DAMANSARA
|
| 999 |
|
|
|a 056434
|b BUKU
|c PINJAMAN
|e PERPUSTAKAAN KOMUNITI CAW KOTA DAMANSARA
|